Aston Villa Hall of Fame - Statistics

General Stats
  • This quiz has been taken 13 times
  • The average score is 6 of 13
Answers on the Map
Answers color-coded by a green-red scale on the quiz's map according to % correct below.
 
Answer Stats
Aston Villa Legends % Correct
Paul McGrath
83%
Peter Withe
67%
Gordon Cowans
58%
Charlie Aitken
50%
Ron Saunders
50%
Billy Walker
42%
Brian Little
42%
Dennis Mortimer
42%
Peter McParland
42%
Eric Houghton
33%
George Ramsay
33%
Stiliyan Petrov
33%
William McGregor
33%
No matching quizzes found
Score Distribution
Percent of People with Each Score
Percentile by Number Answered
Your Score History
You have not taken this quiz